00365nam a22001337a 450000500170000000800410001704100120005808200130007010000130008324500400009626000370013630000320017365000260020520240829101716.0240829b |||||||| |||| 00| 0 eng d aEnglish a349 LAW  lEnglish  aThe Laws of South West Africa 1933  aWindhoek: bBy Authority, c1933 bxxxix, 231 pages; c25 cm.  aLegal practice bLaw